| 000 | 00923nam a2200241 a 4500 | ||
|---|---|---|---|
| 001 | 000024428 | ||
| 005 | 20200930023153.0 | ||
| 008 | 110127s1988 sp r 000 0 spa d | ||
| 020 | _a8420629618 | ||
| 020 | _a8420625663 | ||
| 040 |
_aDO-SdBNP _bspa _cBNPHU |
||
| 082 |
_axxxxx _bS251t |
||
| 100 | 1 |
_aSartori, Giovanni, _d1924- _950076 |
|
| 245 | 1 | 0 |
_aTeoría de la democracia : _b1. el debate comteporáneo / _cGiovanni Sartori ; traducción Santiago Sánchez González. |
| 260 |
_aMadrid : _bAlianza, _c1988. |
||
| 300 |
_a305 p. ; _c20 cm. |
||
| 490 | 1 |
_aAlianza universidad ; _v566 |
|
| 504 | _aIncluye referencias bibliográficas y notas al pie de las páginas. | ||
| 534 |
_pTítulo original: _tThe theory of democracy revisited. part one: the comtemoray debate. _cChatham Jouse Publishers. |
||
| 700 | 1 |
_aSánchez González, Santiago, _etr. _950077 |
|
| 830 | 0 |
_aAlianza universidad ; _n566 _950078 |
|
| 049 | _aBNGR | ||
| 999 |
_c23921 _d23921 |
||